| 000 | 00000nas 2200000za 4500 |
| 001 | 9.830883 |
| 003 | CaOODSP |
| 005 | 20221107145628 |
| 007 | cr ||||||||||| |
| 008 | 170119d19341948oncar p oss f0###a0fre|d |
| 040 | |aCaOODSP|bfre |
| 041 | |aeng|afre |
| 043 | |an-cn--- |
| 086 | 1 |aCS42-212-PDF |
| 245 | 00|aCarriages, sleighs and vehicle supplies |h[ressource électronique] = |bVoitures, traîneaux et pièces de charronnerie. |
| 246 | 11|aVoitures, traîneaux et pièces de charronnerie |
| 260 | |aOttawa : |bDominion Bureau of Statistics, Forestry Branch = Bureau fédéral de la statistique, Section forestière, |c[1935?-1950?] |
| 310 | |aAnnuel |
| 362 | 0 |a1934-1948. |
| 490 | 0 |aCensus of Industry |
| 500 | |aÉdition numérisée de l’imprimé [par Statistique Canada]. |
| 500 | |aTitre de départ. |
| 520 | |aStatistiques principales de l'industrie des transports au Canada, y compris le nombre d'établissements, les investissements en capital, les employés et les salaires, la consommation de carburant, les coûts d'électricité, le coût des matériaux et la valeur des produits. |
| 546 | |aTexte en anglais et en français. |
| 550 | |aPubl. 1945-1946 par Statistiques des produits forestiers; 1947-1948 par la Section des forêts. |
| 692 | 07|2gccst|aTransport |
| 692 | 07|2gccst|aIndustrie de la fabrication |
| 710 | 1 |aCanada. |bBureau fédéral de la statistique. |bSection forestière. |
| 710 | 1 |aCanada. |bBureau fédéral de la statistique. |bStatistiques des produits forestiers. |
| 710 | 1 |aCanada. |bBureau fédéral de la statistique. |bSection des forêts. |
| 791 | |tCarriages, sleighs and vehicle supplies |eeng|w(CaOODSP)9.830881 |